| 000 | 00951cab a2200277 4500 | ||
|---|---|---|---|
| 001 | ABS55078 | ||
| 008 | 090401t1996 xxu||||| |||| 00| 0 eng d | ||
| 035 | _a(Sirsi) u14023 | ||
| 041 | _aeng | ||
| 100 | _aHutchison, N. | ||
| 245 | _aVariations in the capital values of UK commercial property | ||
| 260 | _c1996 | ||
| 350 | _a0 | ||
| 490 |
_aCSM (Chartered Surveyor Monthly) _v5(7) April 1996, 40-41(2) |
||
| 520 | _aSummarises the findings of a recent study into the variation of valuation surveys on the capital value of office properties, extending research carried by Hager and Lord in 1985. | ||
| 650 | _aCAPITAL VALUES | ||
| 650 | _aCONSISTENCY | ||
| 650 | _aOFFICES | ||
| 650 | _aRACK-RENTED PROPERTY | ||
| 650 | _aVALUATION ISSUES | ||
| 650 | _aVALUATION METHODS | ||
| 690 | _aPROPERTY-COMMERCIAL PROPERTY-COMMERCIAL PROPERTY APPRAISAL AND VALUATION | ||
| 690 | _aRATING AND VALUATION | ||
| 942 | _n0 | ||
| 948 | _c04/03/1997 | ||
| 999 |
_c9081 _d9081 |
||